| 000 | 00739cam a22002174a 4500 | ||
|---|---|---|---|
| 001 | 12734884 | ||
| 005 | 20250120124620.0 | ||
| 008 | 020409s2002 ja b 001 0 eng | ||
| 020 | _a928081074X (pbk.) | ||
| 050 | 0 | 0 |
_aJZ4850 _b.E54 2002 |
| 082 | 0 | 0 |
_a341.2 _221 |
| 245 | 0 | 0 |
_aEnhancing global governance : _btowards a new diplomacy? / _cedited by Andrew F. Cooper, John English, and Ramesh Thakur. |
| 260 |
_aTokyo ; _aNew York : _bUnited Nations University Press, _c2002. |
||
| 300 |
_axi, 308 p. ; _c24 cm. |
||
| 440 | 0 | _aFoundations of peace | |
| 650 | 0 | _aInternational organization. | |
| 700 | 1 |
_aCooper, Andrew Fenton, _d1950- |
|
| 700 | 1 |
_aEnglish, John, _d1945- |
|
| 700 | 1 |
_aThakur, Ramesh Chandra, _d1948- |
|
| 942 |
_2lcc _cBK _n0 |
||
| 999 |
_c2718 _d2718 |
||